000 00584nam a2200253Ia 4500
008 210210b2014 xxu||||| |||| 00| 0 eng d
041 _aeng
082 _a519.5 RAJB
100 _aRAJ MOHAN
245 _aBusiness statistics and mathematics: for BCom I and II Sem
260 _aUdupi
_bBenaka Books, Udupi
_c2014
300 _a294
650 _astatistics
650 _aSem
650 _amathematics:
650 _aII
650 _aI
650 _afor
650 _aBusiness
650 _aBCom
650 _aand
690 _aBusiness Statistics
906 _a070707
999 _c120108
_d120108